It looks like you're offline.
Open Library logo
additional options menu

MARC Record from Library of Congress

Record ID marc_loc_2016/BooksAll.2016.part28.utf8:211402511:748
Source Library of Congress
Download Link /show-records/marc_loc_2016/BooksAll.2016.part28.utf8:211402511:748?format=raw

LEADER: 00748cam a2200241 a 4500
001 2001033897
003 DLC
005 20140711075743.0
008 010516r20011991nyu 000 1 eng
010 $a 2001033897
020 $a1568581858
040 $aDLC$cDLC$dDLC
050 00 $aPS3553.A3135$bS9 2001
082 00 $a813/.54$221
100 1 $aCadigan, Pat,$d1953-
245 10 $aSynners /$cPat Cadigan.
260 $aNew York :$bFour Walls Eight Windows,$c[2001], c1991.
300 $axii, 435 p. ;$c22 cm.
500 $a"An Axoplasm book"--Cover.
650 0 $aVirtual reality$vFiction.
650 0 $aHackers$vFiction.
655 7 $aFantasy fiction.$2gsafd
856 42 $3Publisher description$uhttp://www.loc.gov/catdir/enhancements/fy0831/2001033897-d.html